000 00341nam a22001097a 4500
082 _a954.042
_bKAS
245 _aKashmir Dispute /
_cEdited by Bureau of National Research & Reference Government of Pakistan
260 _aPakistan :
_bBureau of National Research & Reference,
300 _a227 p. ;
_c23 cm.
563 _aHB.
942 _2ddc
_cBK
999 _c616237
_d616237